00735nac a22002051u 4500010001300000035001800013082001500031090001500046100003400061245006900095260004300164300003400207490004900241500001400290500003400304600004100338942001700379999001500396952011800411 a29026574 a(OCoLC)512464 a759bS9881 c1802d1802 aSymonds, John Addingto 04aThe life of Michelangelo Buonarroti,cby John Addington Symonds. aNew York,bThe Modern libraryc[1928?] aviii p., 1 l., 544 p.c17 cm.0 aThe Modern library of the world's best books aDonations aDonations - Dr. Mostafa Gouda00aMichelangelo Buonarroti,d1475-1564. cBBk759S9881 c1802d1802 00104070aMAINbMAINc2NDd2014-12-06ePurchasel1m30o759 SYMp000002515r2025-07-15 00:00:00s2021-03-28yBB